El Salvador Int. Airport Destinations (San Salvador, El Salvador) - Statistics

General Stats
  • This quiz has been taken 86 times
    21 since last reset
  • The average score is 23 of 32
Answer Stats
Airline Destination % Correct
Avianca/Avianca El Salvador Bogotá
100%
Avianca El Salvador/Frontier Airlines/Spirit Airlines/United Airlines/Volaris El Salvador Houston (Intercontinental)
94%
Avianca El Salvador/Delta Air Lines/United Airlines/Volaris El Salvador Los Angeles
94%
Aeroméxico Connect/Avianca El Salvador/Volaris El Salvador Mexico City
94%
American Airlines/Avianca El Salvador/Frontier Airlines/Volaris El Salvador Miami
94%
Avianca El Salvador New York (JFK)
94%
Avianca El Salvador/Frontier Airlines/United Airlines/Volaris El Salvador Washington (Dulles)
94%
American Airlines/Avianca El Salvador/Frontier Airlines Dallas/Fort Worth
89%
Frontier Airlines Orlando
89%
Avianca El Salvador/Copa Airlines Panama City (Tocumen)
89%
Avianca Costa Rica/Avianca El Salvador/Volaris El Salvador San José (CR)
89%
Delta Air Lines/Frontier Airlines Atlanta
83%
Avianca El Salvador Cancún
83%
Avianca El Salvador/Avianca Guatemala/TAG Airlines/Volaris El Salvador Guatemala City
83%
Iberia Madrid
78%
Avianca El Salvador Medellín (JMC)
72%
United Airlines/Volaris El Salvador Newark
72%
Avianca El Salvador Boston
67%
Avianca El Salvador Chicago (O'Hare)
67%
Avianca El Salvador Managua
67%
Avianca El Salvador San Francisco
67%
Avianca El Salvador Lima
61%
Air Transat/Avianca El Salvador Montréal (Trudeau)
61%
Avianca El Salvador Tegucigalpa/Comayagua
61%
Avianca El Salvador Toronto (Pearson)
61%
Avianca El Salvador Las Vegas
50%
Avianca El Salvador Quito
44%
Avianca El Salvador/Volaris El Salvador San Pedro Sula
44%
Avianca El Salvador Guayaquil
39%
TAG Airlines Roatán
39%
Volaris El Salvador Oakland
17%
Avianca El Salvador Ontario (CA)
17%
No matching quizzes found
Score Distribution
Percent of People with Each Score
Percentile by Number Answered
Your Score History
You have not taken this quiz since the last reset